| 000 | 00633nam a2200193Ia 4500 | ||
|---|---|---|---|
| 003 | GCL | ||
| 008 | 140319s9999 xx 000 0 ara d | ||
| 040 |
_aGCL / _cGCL |
||
| 082 | 0 | 4 |
_a811.094 _bع ى |
| 100 | 1 | _aعبدالعظيم ناجى | |
| 245 | 1 | 0 |
_aيسقط الصمت كمدية?: شعر / _cعبدالعظيم ناجى |
| 300 | _a93 ص | ||
| 490 |
_aكتاب الاربعائيون _v0 |
||
| 650 | 0 | 4 | _aالادب العربى |
| 650 | 0 | 4 | _aالشعر الحر |
| 650 | 0 | 4 | _aالشعر العربى - العصر الحديث |
| 650 | 0 | 4 | _aالشعر العربى - العصر العباسى الاول |
| 942 |
_2ddc _cBK |
||
| 999 |
_c47445 _d47445 |
||